University Home | Library Home | Institutional Repository

Veterinary orthopaedics/ (Record no. 1721)

MARC details
000 -LEADER
fixed length control field 00416cam6a220014500 4500
005 - DATE AND TIME OF LATEST TRANSACTION
control field 20190809113843.0
008 - FIXED-LENGTH DATA ELEMENTS--GENERAL INFORMATION
fixed length control field 000927
035 ## - SYSTEM CONTROL NUMBER
System control number (Sirsi) a143196
050 #0 - LIBRARY OF CONGRESS CALL NUMBER
Classification number SF910.5
Item number Hic 1964
100 1# - MAIN ENTRY--PERSONAL NAME
Personal name Hickman, John
Linkage A30311.1
245 10 - TITLE STATEMENT
Title Veterinary orthopaedics/
Statement of responsibility, etc. John Hickman.
260 ## - PUBLICATION, DISTRIBUTION, ETC.
Place of publication, distribution, etc. Edinburgh :
Name of publisher, distributor, etc. Oliver & Boyd,
Date of publication, distribution, etc. 1964.
350 ## - PRICE (NR) (BK AM CF MU VM SE) [OBSOLETE]
Price 25
650 #0 - SUBJECT ADDED ENTRY--TOPICAL TERM
Topical term or geographic name entry element Veterinary orthopedics
Linkage S21997.1
Holdings
Withdrawn status Lost status Source of classification or shelving scheme Damaged status Not for loan Home library Current library Shelving location Total Checkouts Full call number Barcode Date last seen Copy number Price effective from Koha item type
    Library of Congress Classification     Vet Medicine Library Vet Medicine Library On Shelf   SF 910.5 HIC 1964 143196-2001 08/09/2019 1 08/09/2019 Book
© 2026 - The University of Zambia Library - Koha v25.11